000 00259nam a2200097Ia 4500
082 _a469.824 COOK
245 0 _aPortuguese
100 _a COOK, Manuela London, 2003 [New ed.]
_996508
942 _cBK
008 210817s9999 xx 000 0 und d
999 _c405722
_d405721